000 01108nam a2200289 a 4500
001 000006591
003 DO-SdBNP
005 20260219105723.0
008 090901t2002 dr ac 001 0dspa d
020 _a9993477176
040 _aDO-SdBNP
_bspa
_cBNPHU
082 4 _a378.7293053
_bG216t
_222
100 1 _aGarcía M. José del Carmen,
_d1964-
_918293
245 1 0 _aTrujillo y la universidad /
_cJosé C. García M.
260 _aSanto Domingo :
_bEditora Universitaria,
_c2002.
300 _a140 p. :
_bil., retr. ;
_c21 cm.
500 _aIncluye referencias bibliográficas y notas al pie de las páginas.
500 _aIncluye datos biográficos del autor en la contracubierta
504 _aBibliografía : p.139-140.
590 _aInventariado, 2018/ YL
600 1 0 _aTrujillo Molina, Rafael Leónidas,
_d 1891-1961
_976764
610 1 0 _aUniversidad Autónoma de Santo Domingo
_xHistoria
_972951
650 0 _aEducación superior
_zRepública Dominicana
_9730
650 4 _aUniversidades
_zRepública Dominicana
_xHistoria
_97145
910 _aValidado. Control de calidad EMS.
942 _2ddc
_cLBS1
999 _c6382
_d6382